| 000 | 00607cam a2200145 4500500 | ||
|---|---|---|---|
| 005 | 20260426010549.0 | ||
| 041 | _afre | ||
| 042 | _adc | ||
| 100 | 1 | 0 |
_aReymond, Bernard _eauthor |
| 245 | 0 | 0 | _aXavier Barral i Altet, dir., et alii, L’art du Vitrail (xie-xvie siècles), Paris, Mengès, 2004. 31,5 cm. 288 p. ISBN 2-8562-0440-6. € 49 |
| 260 | _c2005. | ||
| 500 | _a13 | ||
| 786 | 0 | _nÉtudes théologiques et religieuses | 80 | 3 | 2005-09-01 | p. 431n-454n | 0014-2239 | |
| 856 | 4 | 1 | _uhttps://shs.cairn.info/revue-etudes-theologiques-et-religieuses-2005-3-page-431n?lang=fr&redirect-ssocas=7080 |
| 999 |
_c2222526 _d2222526 |
||